Mi patria: Relaciones históricas para niños
Сохранить в:
| Главные авторы: | , |
|---|---|
| Формат: | |
| Язык: | испанский |
| Опубликовано: |
Santiago
Imprenta Universitaria
1919
|
| Редактирование: | 1a. ed |
| Предметы: | |
| Метки: |
Добавить метку
Нет меток, Требуется 1-ая метка записи!
|
MARC
| LEADER | 00000nam a2200000 a 4500 | ||
|---|---|---|---|
| 001 | UCJ3837 | ||
| 003 | CL-VaPUC | ||
| 008 | 070124e19190000CL |||||||||||||||||spa|d | ||
| 082 | 0 | 4 | |a 983 |b JOR |2 21 |
| 100 | 0 | |a Jorquera, Laura |e author |9 506276 | |
| 700 | 0 | |a Aura |e author |9 506277 | |
| 245 | 1 | 0 | |a Mi patria: Relaciones históricas para niños |
| 250 | |a 1a. ed | ||
| 300 | |a 166 p | ||
| 942 | |c BK | ||
| 945 | |d 20070124 00:00:00 |a rinostro | ||
| 260 | |a Santiago |b Imprenta Universitaria |c 1919 | ||
| 500 | |a Banderas y escudos chilenos | ||
| 650 | 0 | |a Historia |9 255047 | |
| 650 | 0 | |a Poesía |9 265825 | |
| 650 | 0 | |a Literatura infantil |9 307465 | |
| 650 | 0 | |a Emblemas nacionales |9 265035 | |
| 583 | |a last modification |c 20070124 00:00:00 |k Rodrigo Vera | ||
| 999 | |c 319959 |d 319957 | ||
| 952 | |0 0 |1 0 |4 0 |6 983_000000000000000_JOR_1919 |7 0 |8 X |9 398371 |a FDOBUD |b FDOBUD |d 2019-11-22 |i 1008935 |o 983 JOR 1919 |p 1008935 |r 2019-11-22 |w 2019-11-22 |y BK_X |k BUD | ||